| 000 | 00751 a2200241 4500 | ||
|---|---|---|---|
| 003 | OSt | ||
| 005 | 20180116192353.0 | ||
| 008 | 120601t xxu||||| |||| 00| 0 eng d | ||
| 010 | _a 83012914 | ||
| 020 | _a0030511666 (pbk.) | ||
| 020 | _a978155016156 | ||
| 040 | _c0 | ||
| 082 | 0 | 0 | _a745.4 |
| 100 | 1 |
_aZelanski, Paul. _93242 |
|
| 245 | 1 | 0 |
_aDesign principles and problems / _cPaul Zelanski, Mary Pat Fisher. |
| 260 |
_aNew York : _bHolt, Rinehart, and Winston, _c1984. |
||
| 300 |
_axii, 292 p. : _bill. (some col.) ; _c26 cm. |
||
| 500 | _aIncludes index. | ||
| 650 | 1 | 0 |
_aDesign. _93243 |
| 700 | 1 |
_aFisher, Mary Pat, _d1943- _93244 |
|
| 942 |
_aSADA _cBK _k745.4 ZEL 1984 _2ddc |
||
| 999 |
_c353022 _d353022 |
||